000 00783cam a22002653a 4500
001 23968
003 PGUSA
005 20140828083518.0
008 071201s2007||||xxu|||||s|||||000 | eng d
040 _aPGUSA
_beng
042 _adc
050 4 _aRD
100 1 _aLister, Joseph, Baron,
_d1827-1912
245 1 0 _aOn the Antiseptic Principle of the Practice of Surgery
_h[electronic resource] /
_cJoseph, Baron Lister
260 _bProject Gutenberg,
_c2007
506 _aPublic domain in the USA.
516 _aElectronic text
653 _aAsepsis and antisepsis
653 _aPhenols
653 _aSurgery, Operative
653 _aSurgery, Aseptic and antiseptic
830 0 _aProject Gutenberg
_v23968
856 4 0 _uhttp://www.gutenberg.org/ebooks/23968
942 _cEB
999 _c253223
_d253223